Microsoft Word 2000 thực hành và ứng dụng từ căn bản đến chuyên sâu /
Sách sẽ hướng dẫn bạn đọc qua các chức năng và công việc thường dùng nhất của chương trình xử lý văn bản nổi tiếng của Microsoft. Đây là cuốn sách đáng tin cậy để bạn đọc yên tâm đặt cạnh máy tính và sử dụng hàng ngày.
Guardado en:
| Autor principal: | |
|---|---|
| Otros Autores: | , |
| Formato: | Libro |
| Lenguaje: | Vietnamese |
| Publicado: |
Hà Nội :
Giáo dục,
1999.
|
| Materias: | |
| Etiquetas: |
Agregar Etiqueta
Sin Etiquetas, Sea el primero en etiquetar este registro!
|
| Thư viện lưu trữ: | Mạng thư viện Đại học Đà Nẵng |
|---|
| LEADER | 01357cam a2200385 i 4500 | ||
|---|---|---|---|
| 001 | 000042977 | ||
| 003 | 852 | ||
| 005 | 20030916091655.0 | ||
| 008 | 010217b1999 vm 000 vie | ||
| 020 | |c 104000 | ||
| 022 | |a T | ||
| 040 | |a IRC |c IRC |d IRC | ||
| 041 | 0 | |a vie | |
| 082 | 1 | 4 | |a 005.3 |b NG-T |
| 100 | 1 | |a Nguyễn Tiến. | |
| 245 | 0 | 0 | |a Microsoft Word 2000 thực hành và ứng dụng từ căn bản đến chuyên sâu / |c Nguyễn Tiến, Đặng Xuân Hường, Nguyễn Văn Hoài. |
| 260 | |a Hà Nội : |b Giáo dục, |c 1999. | ||
| 300 | |a 944tr. ; |c 24cm. | ||
| 520 | 3 | |a Sách sẽ hướng dẫn bạn đọc qua các chức năng và công việc thường dùng nhất của chương trình xử lý văn bản nổi tiếng của Microsoft. Đây là cuốn sách đáng tin cậy để bạn đọc yên tâm đặt cạnh máy tính và sử dụng hàng ngày. | |
| 630 | 0 | 4 | |a Tin học. |
| 630 | 0 | 4 | |a Microsoft Word. |
| 630 | 0 | 4 | |a Computer programs. |
| 650 | 0 | 4 | |a Microsoft Word (Chương trình máy tính) |
| 700 | 1 | |a Nguyễn Văn Hoài. | |
| 700 | 1 | |a Đặng Xuân Hường. | |
| OWN | |a DUT | ||
| 999 | |a From the UDN01 | ||
| TYP | |a Monograph | ||
| TYP | |a Printed language | ||
| 980 | |a Mạng thư viện Đại học Đà Nẵng | ||